00533nam a2200169Ia 4500008004100000020001800041041000800059082001600067100002000083245003200103250000600135260004800141300001500189650001500204999001900219952012500238210716s2011 xx 000 0 und d a9781107606258 aeng a658.84 DAVA aDavidson, Alan. aLaw of electronic commerce. a1 aNew DelhibCambridge University Pressc2011 axxxvii,399 aE-Commerce c208518d208518 001040708MBAaAIMITbAIMITd2014-03-06g495.00l0o658.84 DAVApMBA11084r2026-05-23 00:00:00v396.00w2021-07-16yBK